| 000 | 00546nam a2200181Ia 4500 | ||
|---|---|---|---|
| 008 | 090630s9999 xx 000 0 und d | ||
| 082 | _b18925 | ||
| 100 | _aआहेर अविनाश. | ||
| 245 |
_aइलाका. _cआहेर अविनाश. |
||
| 260 |
_bसमाधी - नाशिक. _c2000 |
||
| 300 | _a103 | ||
| 600 | _aआहेर अविनाश. | ||
| 630 | _aइलाका. | ||
| 655 | _aलघुकथा. | ||
| 700 | _aआहेर अविनाश. | ||
| 730 | _aइलाका. | ||
| 942 | _cBOOK | ||
| 999 |
_c270781 _d270781 |
||